000 00521cam a2200217ua 4500
001 7505
005 20260515114224.0
008 141211n ii |||gr||||Z||||||ben
020 _a8173320578
040 _cMAIN
041 _aben
082 _a891.441
100 _aNasrin, T.,
_eEditor.
245 1 _aFan dao
_cEdited by Taslima Nasrin
250 _a1st.
260 _aCalcutta:
_bPunascha,
_c1993.
300 _a119p.
653 _aEast Indo-European & Celtic literatures
653 _aBengali poems
942 _cBK
999 _c6623
_d6623